00706nam a2200217Ia 4500008004100000020001500041050001000056050001600066100002600082245004600108245006000154245002600214260003200240260001800272260000900290300002400299300002100323300001100344999001900355952011400374160319s9999 xx 000 0 und d a9715692427 a261.5 b G672f 1997 aGorospe, Vitaliano R. aForming the Filipino social conscience :  bsocial theology from a Filipino Christian perspective / cVitaliano R. Gorospe. aMakati City [Philippines] : bBookmark Inc. c1997 axviii, 289 pages :  billustrations ;  c25 cm. c292100d292100 001040aSSISBbSSISBcFILd2016-03-19l0oFil 261.5 G672f 1997pUS 0421r2016-03-19 00:00:00w2016-03-19yBK